| 000 | 00713nam a22001817a 4500 | ||
|---|---|---|---|
| 999 |
_c14936 _d14936 |
||
| 003 | OSt | ||
| 082 | _2631.3 GUB/DE | ||
| 088 | _aP 185 | ||
| 100 |
_aGUBASH AZHIKODAN _aRAJESH A.N _aEDWIN BENJAMIN _93563 |
||
| 245 | _aDevelopment of a rotary mechanism with manual feeding for husking coconut | ||
| 260 |
_aTavanur 2008 _bKelappaji College of Agricultural Engineering and Technology |
||
| 300 | _a35 | ||
| 500 | _aDevelopment of a rotary mechanism with manual feeding for husking coconut | ||
| 520 | _aDevelopment of a rotary mechanism with manual feeding for husking coconut | ||
| 700 |
_aJippu Jacob (Guide) _93564 |
||
| 856 | _uhttps://drive.google.com/open?id=1HyTM5K-4uhCtH-nfU9foGGbChZ6xO2tv | ||
| 942 | _cPR | ||